Fisheries tecnological dictionary. Section IV - curning

Salvato in:
Dettagli Bibliografici
Enti autori: FAO (Autore), Food and Agruculture Organization of the United Nations (Autore)
Natura: Libro
Lingua:inglese
Pubblicazione: Roma FAO 1958
Serie:Fisheries Division
Soggetti:
Tags: Aggiungi Tag
Nessun Tag, puoi essere il primo ad aggiungerne!!

MARC

LEADER 00000nam a2200000 a 4500
001 UCR4951
003 CL-VaPUC
008 980320e19580424IT |||||||||||||||||eng|d
082 0 4 |a 639.203  |b FAO  |2 21 
110 2 |a FAO  |e author  |9 405571 
710 2 |a Food and Agruculture Organization of the United Nations  |e author  |9 405572 
245 1 0 |a Fisheries tecnological dictionary. Section IV - curning 
300 |a 63 p 
942 |c BK 
945 |d 19980320 00:00:00  |a crobeson 
260 |a Roma  |b FAO  |c 1958 
600 0 7 |a FAO  |2 CL-VaPUC  |9 405571 
650 7 |a PESQUERIAS  |2 CL-VaPUC  |9 405573 
650 0 |a Diccionarios  |9 256200 
583 |a last modification  |c 19980320 00:00:00  |k Rodrigo Vera 
490 0 |a Fisheries Division 
999 |c 267729  |d 267727